000 00643nam a2200265Ia 4500
005 20260121170307.0
008 008 260114s9999 xx 000 0 eng d
020 _a9783319717067
037 _aEBOOK
040 _aCRL
040 _beng
040 _cCRL
041 _2eng
041 _aeng
084 _qCRL
100 _aJonathan Schorsch
_91062146
245 4 _aThe Food Movement, Culture, and Religion
260 _bSpringer
260 _bSpringer
260 _c2018
856 _uhttps://link.springer.com/openurl?genre=book&isbn=978-3-319-71706-7
942 _cEBOOK
999 _c1627875
_d1627875